Подробности
| 000 -МАРКЕР |
| контрольное поле |
01993nam2a22003251 4500 |
| 001 - ИДЕНТИФИКАТОР ЗАПИСИ |
| контрольное поле |
rc\1157745 |
| 005 - ИДЕНТИФИКАТОР ВЕРСИИ |
| контрольное поле |
20250622214031.0 |
| 010 ## - МЕЖДУНАРОДНЫЙ СТАНДАРТНЫЙ НОМЕР КНИГИ (ISBN) |
| Уточнения |
В пер. |
| Цена |
3 р. 40 к. |
| Тираж |
3000 |
| 021 ## - НОМЕР ГОСУДАРСТВЕННОЙ РЕГИСТРАЦИИ |
| Код страны |
Российская Федерация |
| Номер |
81-613 |
| 035 ## - ДРУГИЕ СИСТЕМНЫЕ НОМЕРА |
| Идентификатор записи |
(NLR Aleph) 006430969 |
| 100 ## - ДАННЫЕ ОБЩЕЙ ОБРАБОТКИ |
| Данные общей обработки |
20041129d1980 |||y0rusy50 ca |
| 101 1# - ЯЗЫК РЕСУРСА |
| Язык текста, звукозаписи и т.д. |
русский |
| Язык оригинала |
английский |
| 102 ## - СТРАНА ПУБЛИКАЦИИ ИЛИ ПРОИЗВОДСТВА |
| Страна публикации |
Российская Федерация |
| 105 ## - ПОЛЕ КОДИРОВАННЫХ ДАННЫХ: ТЕКСТОВЫЕ МАТЕРИАЛЫ, МОНОГРАФИЧЕСКИЕ |
| Кодированные данные о монографическом текстовом документе |
a z|||||||| |
| 200 0# - ЗАГЛАВИЕ И СВЕДЕНИЯ ОБ ОТВЕТСТВЕННОСТИ |
| Основное заглавие |
[Т.] 1 |
| Первые сведения об ответственности |
[Н. Тринайстич, Г. Клопман, Р. Ивэнс и др.] |
| 210 ## - ПУБЛИКАЦИЯ, РАСПРОСТРАНЕНИЕ И ДР. |
| Дата издания, распространения и т.д. |
1980 |
| Место издания, распространения и т.д. |
Б. м. |
| 215 ## - ФИЗИЧЕСКАЯ ХАРАКТЕРИСТИКА |
| Специфическое обозначение материала и объем |
327 с. |
| Другие сведения о физической характеристике |
ил. |
| 300 ## - ОБЩИЕ ПРИМЕЧАНИЯ |
| Текст примечания |
Перевод издания: Semiempirical methods of electronic structure calculation. part A: Techniques / N. Trinajstić, G. Klopman, J.-P. Molrien, J.W.D. Connolly, A. Warshel, J.C. Tully, K.F. Freed. - New York ; London, 1977 |
| 454 #0 - ОРИГИНАЛ (ПЕРЕВОДА) |
| Встроенное поле |
2001#$aSemiempirical methods of electronic structure calculation$hpart A$iTechniques$fN. Trinajstić, G. Klopman, J.-P. Molrien, J.W.D. Connolly, A. Warshel, J.C. Tully, K.F. Freed |
| -- |
210##$aNew York$aLondon$d1977 |
| -- |
701#1$aTrinajstić,$bN. |
| -- |
701#1$aKlopman$bG. |
| -- |
701#1$aMolrien$bJ.-P.$gJean-Paul |
| -- |
701#1$aConnolly$bJ.W.D.$gJohn W.D. |
| -- |
701#1$aWarshel$bA. |
| -- |
701#1$aTully$bJ.C.$gJohn C. |
| -- |
701#1$aFreed$bK.F.$gKarl F. |
| Заглавие |
Semiempirical methods of electronic structure calculation |
| 461 #0 - УРОВЕНЬ НАБОРА |
| Встроенное поле |
001rc\1157744 |
| -- |
2001#$aПолуэмпирические методы расчета электронной структуры$e[В 2 т.]$fРед. Дж. Сигал$gПер. с англ. Е.Л. Розенберга$gПод ред. А.М. Бродского$v[Т.] 1 |
| Системный номер (АБИС) связанной записи |
5547469 |
| Место публикации |
Москва |
| Дата публикации |
1980 |
| Первые сведения об ответственности |
ред. Дж. Сигал |
| Имя издателя, распространителя и т.д. |
Мир |
| Сведения, относящиеся к заглавию |
[в 2-х томах] |
| Физическая характеристика |
2 т. |
| Заглавие |
Полуэмпирические методы расчета электронной структуры |
| Номер тома |
[Т.] 1 |
| 701 #1 - ИМЯ ЛИЦА - АЛЬТЕРНАТИВНАЯ ОТВЕТСТВЕННОСТЬ |
| Начальный элемент ввода |
Тринайстич |
| Часть имени, кроме начального элемента ввода |
Н. |
| 701 #1 - ИМЯ ЛИЦА - АЛЬТЕРНАТИВНАЯ ОТВЕТСТВЕННОСТЬ |
| Начальный элемент ввода |
Клопман |
| Часть имени, кроме начального элемента ввода |
Г. |
| 701 #1 - ИМЯ ЛИЦА - АЛЬТЕРНАТИВНАЯ ОТВЕТСТВЕННОСТЬ |
| Начальный элемент ввода |
Ивэнс |
| Часть имени, кроме начального элемента ввода |
Р. |
| 801 #0 - ИСТОЧНИК ЗАПИСИ |
| Страна |
Российская Федерация |
| Организация |
NLR |
| Правила каталогизации |
psbo |
| 801 #1 - ИСТОЧНИК ЗАПИСИ |
| Страна |
Российская Федерация |
| Организация |
ELAR |
| Источник данных |
rusmarc |
| 852 ## - МЕСТОНАХОЖДЕНИЕ И ШИФР ХРАНЕНИЯ |
| Идентификатор организации |
NLR |
| Шифр хранения (Call Number) |
81-5/1769 |
| 942 ## - ДОПОЛНИТЕЛЬНЫЕ ЭЛЕМЕНТЫ ЗАПИСИ (АБИС) |
| Тип экземпляра АБИС |
Книга |
| 980 ## - КОЛЛЕКЦИЯ |
| Название коллекции |
Национальная библиография |